Financial Management (Record no. 1996)

MARC details
000 -LEADER
fixed length control field 00345nam a2200145Ia 4500
008 - FIXED-LENGTH DATA ELEMENTS--GENERAL INFORMATION
fixed length control field 191201s2011 xx 000 0 und d
082 ## - DEWEY DECIMAL CLASSIFICATION NUMBER
Classification number 658.15
Item number PAF
100 ## - MAIN ENTRY--PERSONAL NAME
Personal name PANDEY, I M
245 #0 - TITLE STATEMENT
Title Financial Management
250 ## - EDITION STATEMENT
Edition statement 9th
260 ## - PUBLICATION, DISTRIBUTION, ETC. (IMPRINT)
Place of publication, distribution, etc N.Delhi
Name of publisher, distributor, etc Vikas Publication House
Date of publication, distribution, etc 2011
300 ## - PHYSICAL DESCRIPTION
Extent 879
650 ## - SUBJECT ADDED ENTRY--TOPICAL TERM
Topical term or geographic name as entry element B.Tech(ME)
942 ## - ADDED ENTRY ELEMENTS (KOHA)
Source of classification or shelving scheme Dewey Decimal Classification
Koha item type Text Books
Holdings
Withdrawn status Lost status Source of classification or shelving scheme Damaged status Not for loan Collection code Home library Current library Date acquired Source of acquisition Cost, normal purchase price Bill Number Total Checkouts Full call number Acc. no. / Barcode Date last seen Date last borrowed Bill Date Koha item type Checked out
    Dewey Decimal Classification     B.Tech(ME) PIET C-LIBRARY PIET C-LIBRARY 23/08/2006 M/s UBS, Delhi 375.00 125382   658.15 PAF 3697 04/12/2019   23/08/2005 Text Books  
    Dewey Decimal Classification     B.Tech(IT) PIET C-LIBRARY PIET C-LIBRARY 18/08/2007 J B C, New Delhi 450.00 702 2 658.15 PAF 6333 13/01/2024 13/01/2024 28/07/2007 Text Books 11/07/2024
    Dewey Decimal Classification     B.Tech(IT) PIET C-LIBRARY PIET C-LIBRARY 18/08/2007 J B C, New Delhi 450.00 702 3 658.15 PAF 6334 13/01/2024 13/01/2024 28/07/2007 Text Books 11/07/2024
    Dewey Decimal Classification     B.Tech(ME) PIET C-LIBRARY PIET NCR College Library 23/08/2006 M/s UBS, Delhi 375.00 125382 1 658.15 PAF 3696 30/09/2024 02/05/2023 23/08/2005 Text Books  

Design & Developed by: PIET Central Library
R70 Miles Stone Pattikalyana Samalkha Panipat 132102
mail ID :- [email protected], Phone No:- 0180-2569700 Ex.216